<?xml version="1.0" encoding="UTF-8"?>
<record
    xmlns:xsi="http://www.w3.org/2001/XMLSchema-instance"
    xsi:schemaLocation="http://www.loc.gov/MARC21/slim http://www.loc.gov/standards/marcxml/schema/MARC21slim.xsd"
    xmlns="http://www.loc.gov/MARC21/slim">

  <leader>01367nab a2200205 i 4500</leader>
  <controlfield tag="001">BPP</controlfield>
  <controlfield tag="003">BPK</controlfield>
  <controlfield tag="005">20180411105017.0</controlfield>
  <controlfield tag="008">140704s2006    pl     f     |000 0</controlfield>
  <datafield tag="040" ind1=" " ind2=" ">
    <subfield code="c">BPK</subfield>
  </datafield>
  <datafield tag="080" ind1=" " ind2=" ">
    <subfield code="a">621.95</subfield>
  </datafield>
  <datafield tag="100" ind1=" " ind2=" ">
    <subfield code="a">MICHALSKA-PO&#x17B;OGA, Iwona.</subfield>
    <subfield code="d">2006 - .</subfield>
    <subfield code="b">Politechnika Koszali&#x144;ska - Wydzia&#x142; Mechaniczny,</subfield>
    <subfield code="c">Katedra In&#x17C;ynierii Spo&#x17C;ywczej i Tworzyw Sztucznych</subfield>
  </datafield>
  <datafield tag="245" ind1=" " ind2=" ">
    <subfield code="a">Wp&#x142;yw tarczowego mechanizmu uplastyczniania w wyt&#x142;aczarce &#x15B;limakowo-tarczowej na w&#x142;a&#x15B;ciwo&#x15B;ci mechaniczne wyt&#x142;oczyny = Influence of the disc mechanism plasticization in screw-disk extruder on mechanical properties material /</subfield>
    <subfield code="c">Iwona Michalska-Po&#x17C;oga.</subfield>
  </datafield>
  <datafield tag="260" ind1=" " ind2=" ">
    <subfield code="c">2006.</subfield>
  </datafield>
  <datafield tag="500" ind1=" " ind2=" ">
    <subfield code="a">Dane z autopsji.</subfield>
  </datafield>
  <datafield tag="520" ind1=" " ind2=" ">
    <subfield code="a">Celem pracy jest wykazanie, &#x17C;e warunki uplastyczniania polietylenu ma&#x142;ej g&#x119;sto&#x15B;ci (PE-LD) w uk&#x142;adzie &#x15B;limakowo-tarczowym eksperymentalnej wyt&#x142;aczarki &#x15B;limakowo-tarczowej wp&#x142;ywaj&#x105; na porz&#x105;dkowanie &#x142;a&#x144;cuch&#xF3;w polimerowych, a tak&#x17C;e okre&#x15B;lenie, w jakim stopniu efekt porz&#x105;dkowania wp&#x142;ywa na w&#x142;a&#x15B;ciwo&#x15B;ci mechaniczne i struktur&#x119; mikroskopow&#x105; wyt&#x142;oczyn PE-LD, uzyskanych w postaci pr&#x119;ta.</subfield>
  </datafield>
  <datafield tag="650" ind1=" " ind2="0">
    <subfield code="a">Wyt&#x142;aczarka &#x15B;limakowa.</subfield>
  </datafield>
  <datafield tag="773" ind1=" " ind2=" ">
    <subfield code="i">W :</subfield>
    <subfield code="t">Zeszyty Naukowe Akademii Techniczno-Rolniczej im. Jana i J&#x119;drzeja &#x15A;niadeckich w Bydgoszczy. -</subfield>
    <subfield code="g">2006, nr 246, s. 97-99.</subfield>
    <subfield code="k">Chemia i Technologia Chemiczna nr 11</subfield>
  </datafield>
  <datafield tag="942" ind1=" " ind2=" ">
    <subfield code="c">ART</subfield>
    <subfield code="2">UKD</subfield>
  </datafield>
  <datafield tag="999" ind1=" " ind2=" ">
    <subfield code="c">6906</subfield>
    <subfield code="d">6906</subfield>
  </datafield>
</record>
